English Grammar in Use. A self-Study reference and practice book for intermediate students with answers

Bibliografske podrobnosti
Glavni avtor: Murphy R. Raymond
Jezik:angleščina
Izdano: Cambridge, Cambridge University Press, 2001
Izdaja:2-nd ed.
Teme:
Format: Knjiga
KOHA link:https://koha.lib.tpu.ru/cgi-bin/koha/opac-detail.pl?biblionumber=378356

MARC

LEADER 00000nam0a2200000 4500
001 378356
005 20231101054514.0
010 |a 052143680X 
035 |a (RuTPU)RU\TPU\retro\35812 
035 |a RU\TPU\book\29640 
090 |a 378356 
100 |a 20230526d2001 m y0engy50 ba 
101 0 |a eng 
102 |a GB 
105 |a y j 000zy 
200 1 |a English Grammar in Use. A self-Study reference and practice book for intermediate students with answers  |f R. Murphy 
205 |a 2-nd ed. 
210 |a Cambridge  |c Cambridge University Press  |d 2001 
215 |a 350 p. 
610 1 |a английский язык 
610 1 |a грамматика 
610 1 |a учебные пособия 
686 |a Ш143.21-923.2  |v LBC/SL-A  |2 rubbk 
700 1 |a Murphy  |b R.  |g Raymond 
801 0 |a GB  |b 63413507  |c 20011209  |g PSBO 
801 2 |a RU  |b 63413507  |c 20030829  |g PSBO 
801 2 |a RU  |b 63413507  |c 20230526  |g PSBO 
942 |c BK